000 00484nmm a2200157Ia 4500
008 251105s9999||||xx |||||||||||||||||und||
020 _a9789972429125
041 _aspa
100 _aSierralta Ríos, Aníbal
245 0 _aNegociaciones y teoría de los juegos
264 _a[Lima, Peru] :
_bPontificia Universidad Católica de Perú,
_c2009
300 _a304 páginas
650 _aEconomics and Business
856 _uhttps://public.digitaliapublishing.com/a/9791
942 _cCF
999 _c97909
_d97909